000 01286nam a2200337 a 4500
001 ebr10516440
003 CaPaEBR
006 m u
007 cr cn|||||||||
008 950504s1996 dcua sb 001 0 eng d
010 _z 95011241
020 _z1563471280
020 _z9781563471285
020 _z9781600861161 (e-book)
040 _aCaPaEBR
_cCaPaEBR
035 _a(OCoLC)609725131
050 1 4 _aTL782
_b.B68 1996eb
082 0 4 _a629.47/5
_220
100 1 _aBrown, Charles D.,
_d1930-
245 1 0 _aSpacecraft propulsion
_h[electronic resource] /
_cCharles D. Brown.
260 _aWashington, D.C. :
_bAmerican Institute of Aeronautics and Astronautics,
_c1996.
300 _axiv, 222 p. :
_bill.
490 1 _aAIAA education series
504 _aIncludes bibliographical references and index.
533 _aElectronic reproduction.
_bPalo Alto, Calif. :
_cebrary,
_d2013.
_nAvailable via World Wide Web.
_nAccess may be limited to ebrary affiliated libraries.
650 0 _aSpace vehicles
_xPropulsion systems.
655 7 _aElectronic books.
_2local
710 2 _aebrary, Inc.
830 0 _aAIAA education series.
856 4 0 _uhttp://site.ebrary.com/lib/rucke/Doc?id=10516440
_zAn electronic book accessible through the World Wide Web; click to view
999 _c122430
_d122430